| 000 | 00669nmc a2200265 a 4500 | ||
|---|---|---|---|
| 003 | AR-BaBNM | ||
| 005 | 20251128205128.0 | ||
| 008 | 036119s1983 ||||||||||||||000 | spa|| | ||
| 020 | _a84-499-6410-5 | ||
| 040 | _cAR-BaBNM | ||
| 100 | 1 | _aLagerkvist, Pär | |
| 245 | 1 | 0 |
_aBarrabás _b; El verdugo ; El enano |
| 260 |
_aMadrid _bOrbis _c1983 |
||
| 300 | 0 | _a312 p. | |
| 490 | 0 |
_aLos Premios Nobel _vv. 3 |
|
| 500 | 0 | _aEl escritor recibió el premio Nobel en 1951 | |
| 650 | 4 | _aCUENTOS | |
| 650 | 4 | _aPREMIOS LITERARIOS | |
| 653 | 0 | _aLITERATURA SUECA | |
| 655 | _aLITERATURA | ||
| 740 | 0 | _aEl verdugo | |
| 740 | 0 | _aEl enano | |
| 942 | _cBK | ||
| 998 | _cisola | ||
| 999 |
_c10104 _d10104 |
||